[Event "Julian Mazur 2024"]
[Site "Wellington Chess Club"]
[Date "2024.08.08"]
[Round "2.8"]
[White "Forster, William"]
[Black "Brockway, Andrew"]
[Result "1-0"]
[WhiteElo "1965"]
[BlackElo "1713"]
[WhiteFideId "4301358"]
[BlackFideId "4301340"]
[EventDate "2024.08.01"]
[SourceDate ""]

1. d4 Nf6 2. Nc3 d5 3. Bf4 Bf5 4. e3 e6 5. Nf3 a6 6. Be2 Be7 7. Nh4 Bg6 8. Nxg6
hxg6 9. h3 Nbd7 10. Qd3 c5 11. Bf3 cxd4 12. exd4 b5 13. O-O O-O 14. Rfe1 Nb6
15. Rad1 Nc4 16. Bc1 Qc7 17. Nb1 Rac8 18. Nd2 Nd6 19. c3 Nf5 20. g3 Bd6 (20...
Nxg3 21. Bxd5 Nxd5 22. Qxg3) 21. Bg2 Rfe8 22. Nf3 Nd7 23. Re2 Qc4 24. Qxc4 bxc4
25. Rde1 Rb8 26. Ng5 a5 27. Bxd5 Nxg3 28. fxg3 Bxg3 29. Bc6 Bxe1 30. Bxd7 Re7
31. Bxe6 Bxc3 32. Bxf7+ Rxf7 33. bxc3 Rf5 34. Ne4 Rb1 35. Rc2 Rb6 36. Ba3 Rb1+
37. Kg2 Rff1 38. Rf2 Rg1+ 39. Kh2 Rh1+ 40. Kg3 Rbe1 41. Ng5 (41. Rf8+ Kh7 42.
Ng5+ Kh6 43. Nf7+ Kh5 44. Rh8#) 41... Rhg1+ 42. Kh4 Re8 43. d5 Rd1 44. d6 Rd5
45. Rf7 Re4+ 46. Nxe4 Kxf7 47. Ng5+ Ke8 48. Ne6 Kd7 49. Nf8+ Ke8 50. d7+ Kd8
51. Bc5 Kc7 52. Be7 Rxd7 53. Nxd7 Kxd7 54. Bf8 a4 55. Bxg7 Ke7 56. Kg5 Kf7 1-0

[Event "Julian Mazur 2024"]
[Site "Wellington Chess Club"]
[Date "2024.08.08"]
[Round "2.9"]
[White "Farrington, Lawrence B"]
[Black "Jackson, L Ross"]
[Result "0-1"]
[WhiteElo "1646"]
[BlackElo "1942"]
[WhiteFideId "4301749"]
[BlackFideId "4301501"]
[EventDate "2024.08.01"]
[SourceDate ""]

1. d4 d5 2. c4 e6 3. Nc3 Nf6 4. Bg5 Be7 5. Nf3 O-O 6. e3 h6 7. Bxf6 Bxf6 8. Bd3
a6 9. O-O dxc4 10. Bxc4 b5 11. Bd3 Bb7 12. Rc1 Nd7 13. Ne4 Be7 14. Nc3 Rc8 15.
a3 c5 16. dxc5 Bxc5 17. b4 Be7 18. Qe2 Nf6 19. Rfd1 Qb6 20. Nd4 Rfd8 21. f3 Rd7
22. Kh1 Rdc7 23. Qd2 Rd7 24. Qe2 Rdc7 25. Qd2 Rd8 26. Qe2 Bf8 27. Qf2 Rdc8 28.
Qd2 g6 29. Nce2 e5 30. Rxc7 Rxc7 31. Nb3 Qe6 32. Na5 Ba8 33. Rc1 Rd7 34. Rc2 e4
35. fxe4 Bxe4 36. Nd4 Bxd3 37. Qxd3 Ng4 38. Nxe6 Rxd3 39. h3 Nxe3 40. Nxf8 Kxf8
41. Rc6 Rxa3 42. Rxa6 Ra4 43. Ra8+ Kg7 44. Re8 Nc2 45. Nc6 Nxb4 46. Nxb4 Rxb4
47. Rb8 h5 48. Rb6 Rb1+ 49. Kh2 h4 50. Rd6 g5 51. Rb6 f6 52. Rd6 Kf7 53. Rd7+
Ke6 54. Rb7 b4 55. Rb5 f5 56. Rb8 Ke5 57. Re8+ Kf4 58. Rb8 g4 59. hxg4 fxg4 60.
Rf8+ Ke3 61. Re8+ Kd3 62. Rd8+ Kc3 63. Rc8+ Kb3 64. Rh8 g3+ 65. Kh3 Rc1 66. Rb8
Rh1+ 67. Kg4 Kc3 68. Rc8+ Kb2 69. Rb8 b3 70. Rb5 Kc2 71. Rc5+ Kb1 72. Rb5 Kb2 (
72... b2 73. Rc5 Ka2 74. Ra5+ Kb3 75. Rb5+ Kc2 76. Rc5+ Kd3) 73. Rb8 h3 74.
Kxg3 hxg2 75. Kxg2 Rc1 76. Kf2 Rd1 77. Ke2 Rd6 78. Rb7 Kc2 79. Rc7+ Kb1 80. Rb7
Kc2 81. Rc7+ Kb1 {and Black won after about another 25 moves.} 0-1

[Event "Julian Mazur 2024"]
[Site "Wellington Chess Club"]
[Date "2024.08.08"]
[Round "2.10"]
[White "Chang, Luke"]
[Black "Lieser, Joshua"]
[Result "1-0"]
[WhiteElo "1930"]
[BlackElo "1643"]
[WhiteFideId "4325605"]
[BlackFideId "4326385"]
[EventDate "2024.08.01"]
[SourceDate ""]

1. e4 c6 2. d4 d5 3. e5 Bf5 4. h4 h6 5. g4 Bh7 6. e6 f6 7. Bd3 Qd6 8. Qe2 Bxd3
9. cxd3 Qb4+ 10. Nc3 Qxd4 11. f4 Na6 12. Nf3 Qb4 13. a3 Qa5 14. Bd2 Qb6 15. Be3
Qa5 16. Kf2 O-O-O 17. b4 Qc7 18. Nb5 Qb8 19. Nxa7+ Kc7 20. b5 d4 21. bxa6 Qxa7
22. Bd2 Qxa6 23. f5 h5 24. Bf4+ Kc8 25. g5 Qb5 26. Qe4 Qd5 27. Rhc1 fxg5 28.
hxg5 h4 29. Rab1 1-0

[Event "Julian Mazur 2024"]
[Site "Wellington Chess Club"]
[Date "2024.08.08"]
[Round "2.12"]
[White "Sethuramalingam, Karthik"]
[Black "Ulm, Eric"]
[Result "1-0"]
[WhiteElo "1871"]
[BlackElo "1473"]
[WhiteFideId "4320964"]
[BlackFideId "4325575"]
[EventDate "2024.08.01"]
[SourceDate ""]

1. d4 e6 2. c4 Bb4+ 3. Nd2 Nf6 4. Nf3 d6 5. Qa4+ Nc6 6. a3 Bxd2+ 7. Bxd2 O-O 8.
g3 e5 9. dxe5 dxe5 10. Rd1 Bd7 11. Qc2 Qc8 12. Bg2 Bh3 13. O-O Bxg2 14. Kxg2 e4
15. Ng1 Re8 16. Bc3 Re6 17. Bxf6 gxf6 18. Nh3 f5 19. Nf4 Rh6 20. Qd2 Rd6 21.
Nd5 Qd8 22. c5 Rg6 23. Qf4 Qc8 24. b4 a6 25. a4 Kf8 26. Nxc7 Ra7 27. Nd5 Qe8
28. Qxf5 Qe6 29. Qxe6 Rxe6 30. f4 exf3+ 31. exf3 Re5 32. Rfe1 Ra8 33. Rxe5 Nxe5
34. Nf6 Kg7 35. Ne4 Re8 36. Nd6 Rb8 37. Rd5 f6 38. h3 Kg6 39. f4 Nc6 40. b5
axb5 41. axb5 Nb4 42. Rd4 Nc2 43. Rd2 Nb4 44. Kf3 Rd8 45. Ke3 Rd7 46. Kd4 b6
47. Kc4 bxc5 48. Kxc5 1-0

[Event "Julian Mazur 2024"]
[Site "Wellington Chess Club"]
[Date "2024.08.08"]
[Round "2.13"]
[White "Tanoi, T Edward"]
[Black "Sova, Leo"]
[Result "1/2-1/2"]
[WhiteElo "1917"]
[BlackElo "1646"]
[WhiteFideId "4302087"]
[BlackFideId "39909204"]
[EventDate "2024.08.01"]
[SourceDate ""]

1. Nf3 Nc6 2. c4 e5 3. e3 e4 4. Nd4 Nxd4 5. exd4 d5 6. Nc3 c6 7. d3 exd3 8. Bxd3 
Nf6 9. 0-0 Bd6 10. Re1+ Be6 11. cxd5 Nxd5 12. Nxd5 cxd5 13. Rxe6+ fxe6 14. Qh5+ 
Kf8 15. Bg5 Qe8 16. Qh3 h6 17. Re1 Kg8 18. Bd2 Qd7 19. Rxe6 Re8 20. Bf5 Qd8 21. 
Rxe8+ Qxe8 22. Be6+ Kh7 23. Qf5+ Qg6 24. Qxg6+ Kxg6 25. Bxd5 b6 26. Be4+ Kf6 27. 
Bc3 Re8 28. f3 g5 29. Kf2 h5 30. h3 a5 31. g4 hxg4 32. hxg4 Bf4 33. Ke2 Rc8 34. 
Kd3 Rc7 35. a3 Bd6 36. Bd5 Bf4 37. b4 Bc1 38. bxa5 bxa5 39. a4 Ra7 40. Bc6 Bf4 41. 
Kc4 Bc7 42. Kc5 Ra6 43. d5+ Be5 44. Bxe5+ Kxe5 45. Kb5 Ra7 46. Kb6 Rf7 47. Kxa5 
Rxf3 48. d6 Rb3 49. d7 Rb8 50. Bb7 Kd6 51. Bc8 Kc7 52. Ka6 Rb6+ 53. Ka7 Rb4 54. 
a5 Rb5 55. a6 Rb4 56. Bb7 Rd4 57. Bc8 Rb4 58. Ka8 Rb8+ 59. Ka7 Rb4 60. Bb7 Rd4 61. 
Bc8 Rb4 62. Bb7 Rd4  1/2-1/2

[Event "Julian Mazur 2024"]
[Site "Wellington Chess Club"]
[Date "2024.08.08"]
[Round "2.16"]
[White "Bohme, Alex"]
[Black "Rippon, Joshua"]
[Result "0-1"]
[WhiteElo "1477"]
[BlackElo "1772"]
[WhiteFideId "2660270"]
[BlackFideId "0"]
[EventDate "2024.08.01"]
[SourceDate ""]

1. d4 d5 2. c4 e6 3. Nc3 Nf6 4. Bg5 Be7 5. e3 h6 6. Bh4 O-O 7. Nf3 Nbd7 8. Bd3
dxc4 9. Bxc4 Nb6 10. Bb3 Bd7 11. O-O c5 12. dxc5 Bxc5 13. Bxf6 Qxf6 14. Ne4 Qe7
15. Nxc5 Qxc5 16. Rc1 Qh5 17. Qd4 Bc6 18. Rc5 Qg6 19. Ne5 Qxg2# 0-1

[Event "Julian Mazur 2024"]
[Site "Wellington Chess Club"]
[Date "2024.08.08"]
[Round "2.17"]
[White "Marney, John"]
[Black "Sethuramalingam, Niranjana"]
[Result "1-0"]
[WhiteElo "1696"]
[BlackElo "1098"]
[WhiteFideId "0"]
[BlackFideId "4326415"]
[EventDate "2024.08.01"]
[SourceDate ""]

1. e4 e5 2. Nf3 Nc6 3. Bc4 Bc5 4. c3 d6 5. d4 Bb6 6. dxe5 dxe5 7. Qxd8+ Kxd8 8.
Bxf7 Nf6 9. Bg5 Rf8 10. Bb3 Ke8 11. Nbd2 Ng4 12. Bh4 h6 13. h3 Nf6 14. Bg3 Nd7
15. O-O g5 16. Rad1 Bc5 17. Nc4 Be7 18. Ncxe5 Bd6 19. Nxd7 Bxd7 20. Bxd6 cxd6
21. Rxd6 Rf4 22. Rxh6 Rxe4 23. Rh8+ Ke7 24. Rxa8 Rf4 25. Re1+ Kd6 26. Nxg5 Rf6
27. Ne4+ Ke7 28. Nxf6+ Kxf6 29. Rf8+ Kg7 30. Rf7+ Kg6 31. Rxd7 b6 32. Re6+ Kf5
33. Rf7+ Kg5 34. f4+ Kh5 35. Rh7# 1-0

[Event "Julian Mazur 2024"]
[Site "Wellington Chess Club"]
[Date "2024.08.08"]
[Round "2.18"]
[White "Hupert, Leo"]
[Black "Ulm, Joy"]
[Result "0-1"]
[WhiteElo "1389"]
[BlackElo "1890"]
[WhiteFideId "0"]
[BlackFideId "4321081"]
[EventDate "2024.08.01"]
[SourceDate ""]

1. d4 Nf6 2. Nc3 d5 3. Nf3 Bf5 4. Bg5 e6 5. e3 c5 6. Bd3 Bg4 7. h3 Bh5 8. Qd2
Nc6 9. Ne5 cxd4 10. exd4 Qb6 11. Bb5 Bb4 12. Bxc6+ bxc6 13. Bxf6 gxf6 14. Ng4
Be7 15. Na4 Qb5 16. b3 Bg6 17. O-O-O h5 18. Ne3 Rb8 19. Rhe1 Ba3+ 20. Kb1 Qxa4
21. Ka1 Qb5 22. c4 dxc4 23. Nxc4 Bb4 24. Qf4 Ke7 25. Qc7+ Kf8 26. Re3 Kg7 27.
f4 Rb7 28. Nd6 Rxc7 29. Nxb5 cxb5 30. Rf1 Bc3+ 31. Rxc3 Rxc3 32. Kb2 Rhc8 33.
Ka3 a5 34. g4 hxg4 35. hxg4 Bd3 36. Rg1 Rc2 37. Rg3 b4+ 38. Ka4 Rxa2# 0-1

[Event "Julian Mazur 2024"]
[Site "Wellington Chess Club"]
[Date "2024.08.08"]
[Round "2.19"]
[White "Stoeveken, Peter"]
[Black "Kumar, Raghava"]
[Result "1-0"]
[WhiteElo "1743"]
[BlackElo "1411"]
[WhiteFideId "4304098"]
[BlackFideId "33446610"]
[EventDate "2024.08.01"]
[SourceDate ""]

1. e4 d6 2. d4 g6 3. Nf3 Bg7 4. Bc4 Nf6 5. Nc3 O-O 6. O-O Nxe4 7. Nxe4 d5 8.
Bxd5 Qxd5 9. Re1 Bf5 10. Nc3 Qd8 11. h3 Bd7 12. Ne4 Nc6 13. c3 f5 14. Neg5 Qe8
15. Qb3+ Kh8 16. Qxb7 Rf6 17. d5 Na5 18. Qxc7 Qd8 19. Qxd8+ Rxd8 20. Rxe7 Be8
21. Ne6 Bf8 22. Nxf8 Rxf8 23. Bh6 Rf7 24. Rae1 Rxe7 25. Rxe7 Nc4 26. b3 Nd6 27.
c4 Nf7 28. Bg5 Ra8 29. Bf6+ Kg8 30. Ne5 Nd6 31. Rg7+ Kf8 32. Rxh7 Nf7 33. Nxg6+
1-0

[Event "Julian Mazur 2024"]
[Site "Wellington Chess Club"]
[Date "2024.08.08"]
[Round "2.20"]
[White "Ashe, Michael"]
[Black "Pickering, Dean"]
[Result "1-0"]
[WhiteElo "1591"]
[BlackElo "1274"]
[WhiteFideId "4310462"]
[BlackFideId "0"]
[EventDate "2024.08.01"]
[SourceDate ""]

1. d4 d5 2. c4 e6 3. Nc3 Nf6 4. cxd5 exd5 5. Bg5 Be7 6. e3 O-O 7. Bd3 c5 8. Qc2
c4 9. Bxf6 cxd3 10. Bxe7 Qxe7 11. Qxd3 Qg5 12. g3 Be6 13. Nge2 Nc6 14. a3 a6
15. b4 b5 16. Nf4 Rad8 17. Nxe6 fxe6 18. O-O e5 19. Ne2 e4 20. Qb3 Rf6 21. Nf4
Nxd4 22. exd4 Rxf4 23. Qe3 Rdf8 24. Rac1 R4f5 25. Qxg5 Rxg5 26. Rc6 Rg6 27.
Rxg6 hxg6 28. Rc1 Kf7 29. Rc6 Ra8 30. h4 Ra7 31. Kf1 Re7 32. Ke2 Re6 33. Rc7+
Re7 34. Rxe7+ Kxe7 35. Ke3 Ke6 36. Kf4 Kf6 37. Kg4 Ke6 38. Kg5 Kf7 39. g4 Kg8
40. Kxg6 e3 41. fxe3 a5 42. bxa5 b4 43. axb4 1-0

[Event "Julian Mazur 2024"]
[Site "Wellington Chess Club"]
[Date "2024.08.08"]
[Round "2.29"]
[White "Rose, Jim"]
[Black "Miriyala, Sreenikesh"]
[Result "1-0"]
[WhiteElo "1522"]
[BlackElo "948"]
[WhiteFideId "4326776"]
[BlackFideId "4325532"]
[EventDate "2024.08.01"]
[SourceDate ""]

1. e4 d6 2. d4 Nf6 3. Nc3 g6 4. f4 Bg7 5. Nf3 O-O 6. Bd3 Bg4 7. O-O Nc6 8. h3
Bxf3 9. Rxf3 Nxd4 10. Rg3 e5 11. f5 c6 12. fxg6 fxg6 13. Bc4+ d5 14. exd5 cxd5
15. Bb3 Nxb3 16. cxb3 Qb6+ 17. Be3 d4 18. Na4 Qd6 19. Bf2 Ne4 20. Rf3 Rxf3 21.
Qxf3 Nxf2 22. Qxf2 Rf8 23. Qe2 d3 24. Qd2 e4 25. Re1 Qd4+ 26. Kh1 Rf2 27. Qd1
e3 28. Nc3 d2 29. Re2 Rxe2 30. Qxe2 Qf4 31. Qc4+ Qxc4 32. bxc4 Bxc3 33. bxc3
d1=Q+ 1-0

[Event "Julian Mazur 2024"]
[Site "Wellington Chess Club"]
[Date "2024.08.15"]
[Round "3.1"]
[White "Croad, Nicolas"]
[Black "Chang, Luke"]
[Result "1-0"]
[WhiteElo "2394"]
[BlackElo "1930"]
[WhiteFideId "4300793"]
[BlackFideId "4325605"]
[EventDate "2024.08.01"]
[SourceDate ""]

1. d4 d5 2. c4 c6 3. Nf3 Nf6 4. e3 e6 5. b3 Be7 6. Bd3 O-O 7. O-O Nbd7 8. Nc3
b6 9. Bb2 Bb7 10. Qc2 Rc8 11. Rad1 Qc7 12. Ne5 Rfd8 13. f4 c5 14. cxd5 exd5 15.
Nb5 Qb8 16. Nxd7 Rxd7 17. Bf5 cxd4 18. Qe2 Rdd8 19. Bxc8 Rxc8 20. Nxd4 Ne4 21.
Nf5 Bf8 22. Bxg7 Rc6 23. Bxf8 Qxf8 24. Rc1 Rg6 25. Rc7 Qb8 26. Rfc1 Nc5 27.
Ne7+ Kg7 28. Qb2+ Rf6 29. Qe5 h6 30. Nf5+ Kg6 31. Nxh6 Ne4 32. Ng4 Rf5 33.
R7c6+ 1-0

[Event "Julian Mazur 2024"]
[Site "Wellington Chess Club"]
[Date "2024.08.15"]
[Round "3.2"]
[White "Coates, Alex"]
[Black "Ker, Anthony F"]
[Result "0-1"]
[WhiteElo "1887"]
[BlackElo "2384"]
[WhiteFideId "4311540"]
[BlackFideId "4300084"]
[EventDate "2024.08.01"]
[SourceDate ""]

1. d4 Nf6 2. c4 e6 3. Nc3 Bb4 4. Qc2 Nc6 5. Nf3 d6 6. Bg5 h6 7. Bxf6 Qxf6 8. a3
Bxc3+ 9. Qxc3 a5 10. e3 O-O 11. Be2 e5 12. dxe5 dxe5 13. Rd1 a4 14. O-O Bg4 15.
Rfe1 Rfe8 16. h3 Bf5 17. Rd2 Be4 18. Rd7 Nb8 19. Rd2 Bc6 20. Nh2 Qg6 21. Bf3 e4
22. Bd1 Nd7 23. Bc2 Qg5 24. Red1 Ne5 25. Rd4 f5 26. c5 Kh7 27. Kh1 Re6 28. Rg1
h5 29. Qe1 Qe7 30. Qd1 g6 31. Bxa4 Nd3 0-1

[Event "Julian Mazur 2024"]
[Site "Wellington Chess Club"]
[Date "2024.08.15"]
[Round "3.3"]
[White "Sethuramalingam, Karthik"]
[Black "Young, Cohen"]
[Result "0-1"]
[WhiteElo "1871"]
[BlackElo "2136"]
[WhiteFideId "4320964"]
[BlackFideId "4317440"]
[EventDate "2024.08.01"]
[SourceDate ""]

1. c4 e5 2. g3 Nf6 3. Bg2 c6 4. Nc3 d5 5. cxd5 cxd5 6. d4 e4 7. Bg5 Nbd7 8. Qa4
Qb6 9. Qb5 Bb4 10. Qxb6 Nxb6 11. Rc1 Na4 12. a3 Nxc3 13. axb4 Na2 14. Rc5 b6
15. Rc7 Nxb4 16. Bxf6 gxf6 17. Nh3 Na6 18. Rc6 Be6 19. Nf4 Kd7 20. Rc1 Nb4 21.
Nh5 f5 22. Bh3 Nc6 23. e3 Nb4 24. O-O Nd3 25. Rb1 Ke7 26. b4 Rhc8 27. Ng7 Kf6
28. Nh5+ Kg6 29. Nf4+ Nxf4 30. gxf4 Rc4 31. b5 Rac8 32. Rb2 Rc1 33. Ra2 Bd7 34.
Rxa7 Bxb5 35. Rxc1 Rxc1+ 36. Kg2 Be2 37. Rb7 Bf3+ 38. Kg3 Kh5 0-1

[Event "Julian Mazur 2024"]
[Site "Wellington Chess Club"]
[Date "2024.08.15"]
[Round "3.4"]
[White "Jackson, L Ross"]
[Black "Darr, Samuel"]
[Result "1/2-1/2"]
[WhiteElo "1942"]
[BlackElo "1679"]
[WhiteFideId "4301501"]
[BlackFideId "4306120"]
[EventDate "2024.08.01"]
[SourceDate ""]

1. d4 d5 2. c4 e6 3. Nc3 Nf6 4. cxd5 exd5 5. Bg5 Bb4 6. e3 Bf5 7. Qb3 Nc6 8.
Bb5 Bxc3+ 9. Qxc3 Bd7 10. Nf3 O-O 11. Bd3 a5 12. a3 Re8 13. O-O Qe7 14. Qc2 h6
15. Bf4 Bg4 16. Ne5 Nxe5 17. Bxe5 Rac8 18. h3 Bd7 19. Rac1 c5 20. Bxf6 Qxf6 21.
dxc5 Qg5 22. f4 Qe7 23. Rfe1 a4 24. e4 b6 25. Qf2 dxe4 26. Rxe4 Rxc5 27. Rxc5
Qxc5 28. Qxc5 bxc5 29. Kf2 Rb8 30. Re2 Kf8 31. Bc4 Re8 32. Re3 Rb8 33. Re2 Re8
34. Ke1 Rxe2+ 35. Kxe2 Ke7 36. Kd3 f5 37. Kc3 1/2-1/2

[Event "Julian Mazur 2024"]
[Site "Wellington Chess Club"]
[Date "2024.08.15"]
[Round "3.5"]
[White "Winter, Ryan"]
[Black "Marney, John"]
[Result "1-0"]
[WhiteElo "2289"]
[BlackElo "1696"]
[WhiteFideId "4306295"]
[BlackFideId "0"]
[EventDate "2024.08.01"]
[SourceDate ""]

1. e4 e5 2. Nf3 Nc6 3. Bb5 Bc5 4. O-O Nd4 5. Nxd4 Bxd4 6. c3 Bb6 7. d4 c6 8.
Ba4 d6 9. Re1 Nf6 10. Bg5 h6 11. Bh4 O-O 12. Qd3 g5 13. Bg3 Qe7 14. Nd2 Nh5 15.
Nf1 Kh7 16. Ne3 Nf4 17. Qd2 exd4 18. cxd4 Qf6 19. Rad1 Bd7 20. e5 Qe6 21. Bc2+
f5 22. exf6+ Kg8 23. Bb3 d5 24. Nxd5 Qxe1+ 25. Rxe1 Nxd5 26. Be5 Bf5 27. Bc2
Be6 28. Qd3 Rf7 29. Qg6+ Kf8 30. Bd6+ Ke8 31. Rxe6+ 1-0

[Event "Julian Mazur 2024"]
[Site "Wellington Chess Club"]
[Date "2024.08.15"]
[Round "3.6"]
[White "Wilkins, Mark"]
[Black "List, Robert"]
[Result "1-0"]
[WhiteElo "1906"]
[BlackElo "1653"]
[WhiteFideId "4302389"]
[BlackFideId "4303490"]
[EventDate "2024.08.01"]
[SourceDate ""]

1. e4 b6 2. d4 Bb7 3. Bd3 e6 4. Nf3 c5 5. O-O c4 6. Be2 Bxe4 7. Bxc4 Qc7 8.
Nbd2 Bb7 9. Bb3 Nf6 10. h3 g5 11. Ne5 h5 12. Ndc4 Rg8 13. f4 g4 14. hxg4 hxg4
15. f5 Be7 16. fxe6 dxe6 17. Bf4 Nh5 18. Qd2 Nxf4 19. Qxf4 f5 20. Ba4+ Nc6 21.
Nxc6 Qxf4 22. Rxf4 Bg5 23. Rf2 Kf8 24. Re1 Bh4 25. Rxe6 Bxf2+ 26. Kxf2 g3+ 27.
Kf3 Kf7 1-0

[Event "Julian Mazur 2024"]
[Site "Wellington Chess Club"]
[Date "2024.08.15"]
[Round "3.7"]
[White "Winsley, Daniel"]
[Black "Benitez, Edgar"]
[Result "1/2-1/2"]
[WhiteElo "1781"]
[BlackElo "1862"]
[WhiteFideId "4315138"]
[BlackFideId "4301315"]
[EventDate "2024.08.01"]
[SourceDate ""]

1. e4 d5 2. exd5 Nf6 3. Bc4 Bg4 4. f3 Bc8 5. Nc3 Nbd7 6. d4 Nb6 7. Bb3 Nbxd5 8.
Nge2 c6 9. Ne4 e6 10. O-O Be7 11. c3 O-O 12. Qd3 a5 13. a3 a4 14. Bc2 g6 15. c4
Nc7 16. N2c3 b5 17. Rd1 Ba6 18. Qe3 Re8 19. Qf2 bxc4 20. Bxa4 Bb5 21. Bc2 Ncd5
22. Qg3 Nh5 23. Qe5 Bf8 24. Nf2 Bg7 25. Qg5 Nhf6 26. Nfe4 Nxc3 27. bxc3 Ba4 28.
Bxa4 Rxa4 29. Nc5 Ra5 30. Nb7 Rxg5 31. Nxd8 Rh5 32. g4 Rb5 33. Nxc6 Nd5 34. Bd2
Rb2 35. Nb4 Ra8 36. Nxd5 exd5 37. g5 Bf8 38. a4 Bd6 39. f4 Kg7 40. a5 Ra6 41.
h4 Bc7 42. Kf1 Rxa5 43. Rxa5 Bxa5 44. Ke1 Rc2 45. Rb1 Bxc3 46. Bxc3 Rxc3 47.
Rb5 Rd3 48. Rxd5 c3 49. f5 gxf5 50. Ke2 Rd2+ 51. Ke3 f4+ 52. Kxf4 c2 53. Rc5
Rxd4+ 54. Kg3 h6 55. gxh6+ Kxh6 56. Rxc2 f5 57. Rf2 Kg6 58. Rf4 Rd3+ 59. Rf3
Rd1 60. Kg2 Rd2+ 61. Kg3 Rd4 62. Rf4 Rd3+ 63. Rf3 Rd1 64. Kg2 Rd2+ 65. Kg3 Rd4
66. Rf4 Rd3+ 67. Rf3 1/2-1/2

[Event "Julian Mazur 2024"]
[Site "Wellington Chess Club"]
[Date "2024.08.15"]
[Round "3.10"]
[White "Sellen, Ian"]
[Black "Tan, Jin"]
[Result "1-0"]
[WhiteElo "2001"]
[BlackElo "1582"]
[WhiteFideId "4300610"]
[BlackFideId "4320972"]
[EventDate "2024.08.01"]
[SourceDate ""]

1. c4 c5 2. Nc3 Nf6 3. g3 g6 4. Bg2 Bg7 5. e3 d6 6. Nge2 Nc6 7. O-O Bd7 8. d4
cxd4 9. exd4 O-O 10. Re1 a6 11. b3 Qc8 12. Qd2 Bh3 13. Bh1 Qc7 14. Nd5 Nxd5 15.
cxd5 Na7 16. Bb2 Qb6 17. Nf4 Bf5 18. Rxe7 Nb5 19. Ne2 Bf6 20. Re3 Nc7 21. Rc1
Rac8 22. a4 Rfe8 23. Ba3 Rxe3 24. fxe3 Qxb3 25. Bxd6 Bg5 26. Nf4 Ne8 27. Rxc8
Bxc8 28. Bb4 Qxa4 29. Bf3 Qb3 30. Kf2 f5 31. Qc3 (31. Qc1 Bd7 32. Qc5 Qb2+ 33.
Ne2 Bh6 34. Qe7) 31... Qxc3 32. Bxc3 Kf7 33. Ke2 Bd8 34. Nd3 Ke7 35. Bb4+ Nd6
36. Ne5 a5 37. Ba3 Bc7 38. Kd2 Kd8 39. Be2 Bd7 40. Kc2 Kc8 41. Bxd6 Bxd6 42.
Nc4 Bb4 43. Nb6+ Kc7 44. Nxd7 Kxd7 45. Bb5+ Kd6 46. Kd3 Kxd5 47. h3 g5 48. g4
f4 49. e4+ Kd6 50. e5+ Ke7 51. Ke4 Bc3 52. d5 f3 53. d6+ Kd8 54. e6 Bf6 55.
Kxf3 Be7 56. dxe7+ Kxe7 57. Bd7 a4 58. Bxa4 Kxe6 59. Ke4 h6 60. Kd4 Kd6 61. Bb3
b6 62. Bg8 1-0

[Event "Julian Mazur 2024"]
[Site "Wellington Chess Club"]
[Date "2024.08.15"]
[Round "3.12"]
[White "Lieser, Joshua"]
[Black "Tanoi, T Edward"]
[Result "0-1"]
[WhiteElo "1643"]
[BlackElo "1917"]
[WhiteFideId "4326385"]
[BlackFideId "4302087"]
[EventDate "2024.08.01"]
[SourceDate ""]

1. e4 c5 2. Nf3 Nc6 3. d4 cxd4 4. Nxd4 e5 5. Nb5 d6 6. N1c3 a6 7. Na3 Be7 8.
Nd5 Nf6 9. Nxe7 Nxe7 10. Nc4 d5 11. exd5 Nexd5 12. Nxe5 O-O 13. Be2 Re8 14. Nf3
Qe7 15. Nd4 Bg4 16. f3 Ne3 17. Bxe3 Qxe3 18. Qd2 Qxd2+ 19. Kxd2 Rad8 20. c3 Be6
21. Kc2 Nd5 22. g3 Ne3+ 23. Kc1 Bd5 24. Re1 Nc4 25. Kc2 Ne5 26. f4 Be4+ 27. Kb3
Nd7 28. Bf3 f5 29. Kb4 b6 30. Be2 Nc5 31. Bc4+ Kf8 32. Rad1 b5 33. Bxb5 axb5
34. Kxc5 Rc8+ 35. Kb4 Rc4+ 36. Kb3 Rc5 37. Kb4 Rc4+ 38. Kb3 Rc5 39. Rd2 Bd5+
40. Kb4 Rc4+ 41. Kxb5 Rxe1 42. Nxf5 Be6 43. Rd8+ Kf7 44. Nd4 Rc7 45. f5 Bxa2
46. Kb6 Ree7 47. Nc6 Rb7+ 48. Ka6 Bc4+ 49. Ka5 Rb5+ 50. Ka4 Re1 51. Rd7+ Kf6
52. Rd6+ Kg5 53. h4+ Kh5 54. g4+ Kxh4 55. Rd1 Rxd1 56. b3 Ra1# 0-1

[Event "Julian Mazur 2024"]
[Site "Wellington Chess Club"]
[Date "2024.08.15"]
[Round "3.13"]
[White "Malcolm, Aidan"]
[Black "Osborne, Geoff"]
[Result "1-0"]
[WhiteElo "1859"]
[BlackElo "1517"]
[WhiteFideId "4315073"]
[BlackFideId "4311485"]
[EventDate "2024.08.01"]
[SourceDate ""]

1. e4 e5 2. Nf3 Nc6 3. Bb5 Nf6 4. Qe2 Bc5 5. c3 d6 6. d3 O-O 7. Bg5 a6 8. Ba4
b5 9. Bc2 b4 10. a3 bxc3 11. Nxc3 Bg4 12. Qd2 Bxf3 13. gxf3 Nd4 14. Bd1 c6 15.
Rg1 Re8 16. f4 Ne6 17. f5 Nf8 18. Bb3 N8d7 19. Bh6 Nh5 20. Bd1 Ndf6 21. Bxh5
Nxh5 22. Bxg7 Nxg7 23. Qh6 Kf8 24. Rxg7 Ra7 25. Rxh7+ Ke7 26. Qe6+ Kf8 27. Rh8+
Kg7 28. Qh6# 1-0

[Event "Julian Mazur 2024"]
[Site "Wellington Chess Club"]
[Date "2024.08.15"]
[Round "3.14"]
[White "Sova, Leo"]
[Black "Thirkell, Zachary"]
[Result "0-1"]
[WhiteElo "1646"]
[BlackElo "1834"]
[WhiteFideId "39909204"]
[BlackFideId "4322207"]
[EventDate "2024.08.01"]
[SourceDate ""]

1. e4 c6 2. d4 d5 3. e5 c5 4. c3 Nc6 5. Nf3 Bg4 6. Be2 e6 7. a3 Qb6 8. b4 Bxf3
9. Bxf3 cxd4 10. cxd4 Qxd4 11. Qxd4 Nxd4 12. Bd1 Ne7 13. Bb2 Ndc6 14. Nd2 Ng6
15. Nf3 Be7 16. Ba4 a6 17. Bxc6+ bxc6 18. Rc1 Rc8 19. g3 f6 20. exf6 Bxf6 21.
Bxf6 gxf6 22. Nd4 Kd7 23. Kd2 Ne5 24. Rc3 Kd6 25. Rhc1 Nc4+ 26. Kd3 c5 27.
bxc5+ Rxc5 28. Rb1 Ne5+ 29. Kd2 Rxc3 30. Kxc3 Rc8+ 31. Kd2 Nc4+ 32. Kd3 Rc7 33.
f4 e5 34. fxe5+ fxe5 35. Nf5+ Kc5 36. a4 Rd7 37. Ne3 e4+ 38. Ke2 d4 39. Nxc4
Kxc4 40. Rb6 d3+ 41. Kd1 e3 42. Rxa6 Rf7 43. Ke1 Rb7 44. Rc6+ Kd5 0-1

[Event "Julian Mazur 2024"]
[Site "Wellington Chess Club"]
[Date "2024.08.15"]
[Round "3.15"]
[White "Evans, Oliver"]
[Black "Aldridge, Alan L"]
[Result "1-0"]
[WhiteElo "1573"]
[BlackElo "1822"]
[WhiteFideId "4311949"]
[BlackFideId "4301528"]
[EventDate "2024.08.01"]
[SourceDate ""]

1. e4 e5 2. Nf3 Nc6 3. Bc4 Bc5 4. d3 Nf6 5. c3 d6 6. h3 h6 7. O-O O-O 8. Nbd2
a6 9. a4 Qe7 10. Re1 Ba7 11. Nf1 Re8 12. g4 Be6 13. Bxe6 Qxe6 14. Ng3 Ne7 15.
Kg2 Kh7 16. g5 Nfg8 17. gxh6 gxh6 18. Nh4 Nf6 19. Nhf5 Nxf5 20. Nxf5 Rg8+ 21.
Kf1 Rg6 22. Qf3 Ng8 23. h4 c6 24. h5 Rf6 25. Qg4 Rxf5 26. Qxf5+ Qxf5 27. exf5
Nf6 28. Ke2 Rg8 29. Be3 Bxe3 30. Kxe3 Nxh5 31. Rg1 Nf6 32. Rxg8 Nxg8 33. f4 Ne7
34. fxe5 dxe5 35. Ke4 f6 36. Rd1 c5 37. d4 exd4 38. cxd4 cxd4 39. Rxd4 Kg8 40.
Rd7 Kf8 41. Rxb7 1-0

[Event "Julian Mazur 2024"]
[Site "Wellington Chess Club"]
[Date "2024.08.15"]
[Round "3.16"]
[White "Bicalho, Frederico Meneses"]
[Black "Stoeveken, Peter"]
[Result "0-1"]
[WhiteElo "1500"]
[BlackElo "1743"]
[WhiteFideId "44794835"]
[BlackFideId "4304098"]
[EventDate "2024.08.01"]
[SourceDate ""]

1. e4 c5 2. c3 e6 3. d4 Nc6 4. d5 Ne5 5. f4 Ng6 6. d6 e5 7. Nf3 exf4 8. e5 b6
9. Bc4 Bb7 10. O-O Nh6 11. Qe2 Ng4 12. h3 Bxf3 13. Rxf3 N4xe5 14. Bxf4 Nxf4 15.
Bxf7+ Kxf7 16. Rxf4+ Ke6 17. Qe4 Bxd6 18. Qf5+ Ke7 19. Qg5+ Ke8 20. Qxg7 Rf8
21. Rxf8+ Bxf8 22. Qxe5+ Qe7 23. Qh5+ Kd8 24. Qf3 Qe1+ 25. Qf1 Qe3+ 26. Kh1 Bd6
27. Na3 Qg3 28. Qg1 a6 29. Nc4 Bc7 30. Rf1 Kc8 31. Rf3 Qg8 32. Qf1 Kb7 33. Rf7
Re8 34. g4 Re1 35. Qxe1 Qxf7 36. Qe4+ Ka7 37. Kg2 d5 38. Qf5 Qxf5 39. gxf5 dxc4
40. Kf3 Kb7 41. f6 Kc6 42. f7 Bd6 43. Ke4 Be7 44. Ke5 b5 45. a3 a5 46. h4 h5
47. Ke6 Bf8 48. Kf6 Kd7 49. Kg5 Ke6 50. Kg6 Ke7 51. Kxh5 Kxf7 52. Kg5 b4 53. a4
bxc3 54. bxc3 Bg7 55. Kf4 Bxc3 56. Ke3 Bd4+ 57. Kd2 c3+ 58. Kc2 Kg6 0-1